LEADER 03802nam1 2200709 i 450 001 MIL0260574 005 20251003044229.0 010 $a8842047171 020 $aIT$b96-1378 100 $a19950911d1995 ||||0itac50 ba 101 | $aita 102 $ait 181 1$6z01$ai $bxxxe 182 1$6z01$an 183 1$6z01$anc$2RDAcarrier 200 1 $aFederalismo e autonomia in Italia dall'unità a oggi$fa cura di Claudia Petraccone 210 $aRoma \etc.!$cLaterza$d1995 215 $a337 p.$d21 cm. 225 | $aStoria e società 312 $aTit. sul dorso: Federalismo e autonomia in Italia.$9CFI0310031 410 0$1001CFI0000036$12001 $aStoria e società 464 1$1001CSA0110627$12001 $aFederalismo e liberta'$fCarlo Cattaneo$1700 1$aCattaneo$b, Carlo$f <1801-1869>$3CFIV084450 464 1$1001CSA0110628$12001 $aDal federalismo all' autonomismo$fCarlo Cataneo$1700 1$aCattaneo$b, Carlo$f <1801-1869>$3CFIV084450 464 1$1001CSA0110629$12001 $aˆLa ‰repubblica regionale$fEmilio Lussu$1700 1$aLussu$b, Emilio$3CFIV060496 464 1$1001CSA0110630$12001 $aˆIl ‰federalismo nel partito comunista d' Italia$fRuggero Grieco$1700 1$aGrieco$b, Ruggero$3CFIV045525 464 1$1001CSA0110631$12001 $aˆL' ‰autonomismo spontaneistico$fGaetano Salvemini$1700 1$aSalvemini$b, Gaetano$f <1873-1957>$3CFIV046465 517 1 $aFederalismo e autonomia in Italia.$9CFI0310031 606 $aFederalismo$xTeorie$xItalia$xSec. 19.-20.$2FIR$3CFIC080473$9I 606 $aAutonomismo$xTeorie$xItalia$xSec. 19.-20.$2FIR$3CFIC080474$9I 606 $aRegionalismo$xTeorie$xItalia$xSec. 19.-20.$2FIR$3CFIC080475$9I 676 $a321.02$9Forme di governo e di stato. Forme federali$v12 676 $a321.02$9Forme di governo e di stato. Sistemi federali.$v20 676 $a321.02$9STATI FEDERALI$v21 676 $a321.020945$9STATI FEDERALI. ITALIA$v19 676 $a321.020945$9STATI FEDERALI. Italia$v20 676 $a321.020945$9STATI FEDERALI. Italia$v21 676 $a321.020945$9STATI FEDERALI. Italia$v23 676 $a321.020945084$9$v21 676 $a945.09$9ITALIA. STORIA. 1900-$v20 676 $a945.09$9STORIA. ITALIA, 1900-$v21 686 $aIT/X422.7$cAUTONOMIE LOCALI E DECENTRAMENTO ITALIA$2R 696 $aMovimenti federalisti 699 $aFederalismo$yMovimenti federalisti 702 1$aPetraccone$b, Claudia$3CFIV095505 801 3$aIT$bIT-000000$c19950911 850 $aIT-BN0095 $aIT-SA0200 $aIT-CE0011 $aIT-AV0002 $aIT-AV0007 $aIT-NA0079 $aIT-NA0070 $aIT-BN0098 $aIT-NA0452 $aIT-BN0015 $aIT-NA0097 901 $bNAP BN$cMAGAZZINO $nmagazzini correnti divisi per anni 901 $bNAP AV$cSEZ. M 3 $n$ 901 $bNAP AI$cBIBLIOTECA$n$ 901 $bNAP 63$cDONO $n$ 901 $bNAP PB$cGENERALE $nDizionari, Enciclopedie, Atlanti 901 $bNAP IS$cISEM $nSezione di storia economica dell'ex Istituto di storia economica del Mezzogiorno 901 $bNAP SP$cNF. $nNUOVO FONDO 901 $bNAP AC$cCAT. 5. $n$ 901 $bNAP 01$cPOZZO LIB.$nVi sono collocati fondi di economia, periodici di ingegneria e scienze, periodici di economia e statistica e altri fondi comprendenti documenti di economia pervenuti in dono. 901 $bNAP CU$cF. PAREO $n$ 912 $aMIL0260574 950 1$aBiblioteca Centralizzata di Ateneo$c1 v.$d 01POZZO LIB.ECON MON 6120$e 0101 0700182955E VMA 1 v. (Precedente collocazione 18 EC 295)$fB $h20220609$i20220609 967 $n5 977 $a 01$a 63$a AC$a AI$a AV$a BN$a BU$a CU$a IS$a PB$a SP 996 $aFederalismo e autonomia in Italia$94344998 997 $aUNISANNIO LEADER 02633oam 22006134a 450 001 9910130644403321 005 20230828215453.0 035 $a(CKB)3400000000019260 035 $a(MH)010729945-3 035 $a(SSID)ssj0001579527 035 $a(PQKBManifestationID)16254573 035 $a(PQKBTitleCode)TC0001579527 035 $a(PQKBWorkID)14851041 035 $a(PQKB)11575677 035 $a(EXLCZ)993400000000019260 100 $a20070521d2006 uy 0 101 0 $aita 181 $ctxt 182 $cc 183 $acr 200 00$aContratti agrari e rapporti di lavoro nell'Europa medievale $eatti del convegno internazionale di studi, Montalcino, 20-22 settembre 2001 /$fa cura di Alfio Cortonesi, Massimo Montanari, Antonella Nelli$b[electronic resource] 210 $aBologna $cCLUEB$dc2006 215 $a1 online resource (ix, 297 p. ) 225 0 $aBiblioteca di storia agraria medievale Contratti agrari e rapporti di lavoro nell'Europa medievale 225 0$aBiblioteca di storia agraria medievale ;$v30 300 $aBibliographic Level Mode of Issuance: Monograph 311 $a88-491-2614-X 320 $aIncludes bibliographical references. 517 $aContratti agrari e rapporti di lavoro nell'Europa medievale 606 $aAgricultural contracts$zEurope$xHistory$yTo 1500$vCongresses 606 $aAgriculture$xEconomic aspects$zEurope$xHistory$yTo 1500$vCongresses 606 $aAgricultural contracts$xHistory$yTo 1500$zEurope$vCongresses 606 $aAgriculture$xHistory$xEconomic aspects$yTo 1500$zEurope$vCongresses 606 $aAgricultural Economics$2HILCC 606 $aBusiness & Economics$2HILCC 607 $aEurope$xRural conditions$vCongresses 615 0$aAgricultural contracts$xHistory 615 0$aAgriculture$xEconomic aspects$xHistory 615 0$aAgricultural contracts$xHistory 615 0$aAgriculture$xHistory$xEconomic aspects 615 7$aAgricultural Economics 615 7$aBusiness & Economics 676 $a331 701 $aCortonesi$b Alfio$f1950-$0133516 701 $aMontanari$b Massimo$f1949-$038269 701 $aNelli$b Antonella$01025287 801 0$bItFiC 801 1$bC3L 801 2$bDLC 906 $aBOOK 912 $a9910130644403321 996 $aContratti agrari e rapporti di lavoro nell'Europa medievale$92437632 997 $aUNINA 999 $aThis Record contains information from the Harvard Library Bibliographic Dataset, which is provided by the Harvard Library under its Bibliographic Dataset Use Terms and includes data made available by, among others the Library of Congress